Southville International School and Colleges

Edgar Allan Poe : (Record no. 368461)

000 -LEADER
fixed length control field 01092nam a22002537a 4500
003 - CONTROL NUMBER IDENTIFIER
control field 0
005 - DATE AND TIME OF LATEST TRANSACTION
control field 20251104144926.0
008 - FIXED-LENGTH DATA ELEMENTS--GENERAL INFORMATION
fixed length control field 251104b xxu||||| |||| 00| 0 eng d
020 ## - INTERNATIONAL STANDARD BOOK NUMBER
International Standard Book Number 978-1-60710-314-1
050 ## - LIBRARY OF CONGRESS CALL NUMBER
Classification number PS 2600.G11
Item number .P6 2011
100 ## - MAIN ENTRY--PERSONAL NAME
Personal name Poe, edgar Allan,
Dates associated with a name 1809-1849,
Relator term author.
245 ## - TITLE STATEMENT
Title Edgar Allan Poe :
Remainder of title collected works : stories and poems /
Statement of responsibility, etc introduction by Adrienne J. Odasso, PhD.
250 ## - EDITION STATEMENT
Edition statement First Canterbury Classics edition.
260 ## - PUBLICATION, DISTRIBUTION, ETC. (IMPRINT)
Place of publication, distribution, etc San Diego, Calif. :
Name of publisher, distributor, etc Canterbury Classics,
Date of publication, distribution, etc 2011.
300 ## - PHYSICAL DESCRIPTION
Extent xix, 724 pages ;
Dimensions 24 cm.
500 ## - GENERAL NOTE
General note Includes introduction by Adrienne J. Odasso, PhD.
Contains both short stories and poems by Edgar Allan Poe.
Decorative bonded leather cover; gilt-edged pages and ribbon bookmark.
504 ## - BIBLIOGRAPHY, ETC. NOTE
Bibliography, etc Includes bibliographical references
600 ## - SUBJECT ADDED ENTRY--PERSONAL NAME
Personal name Poe, Edgar Allan,
Dates associated with a name 1809-1849
Form subdivision Collections.
650 ## - SUBJECT ADDED ENTRY--TOPICAL TERM
Topical term or geographic name as entry element Horror tales, American.
650 ## - SUBJECT ADDED ENTRY--TOPICAL TERM
Topical term or geographic name as entry element Gothic fiction (Literary genre), American.
650 ## - SUBJECT ADDED ENTRY--TOPICAL TERM
Topical term or geographic name as entry element American poetry
Chronological subdivision 19th century.
700 ## - ADDED ENTRY--PERSONAL NAME
Personal name Odasso, Adrienne J.,
Relator term writer of introduction.
942 ## - ADDED ENTRY ELEMENTS (KOHA)
Source of classification or shelving scheme
Koha item type Books
Holdings
Lost status Current Location Permanent Location Source of classification or shelving scheme Barcode Date last seen Full call number Date acquired Sub Shelving location Koha item type Price effective from Withdrawn status Source of acquisition Shelving location Damaged status
 Luxembourg LibraryLuxembourg Library 213652025-11-04PS 2600.G11 .P6 20112024-11-19 Books2025-11-04 Library FundHigh School Section 
Powered by Koha